Central Library OPAC University of Rajshahi

مشاہیر کے رومان ;; Mashahi ke Ruman / (Record no. 81703)

MARC details
000 -LEADER
fixed length control field 00745nam a2200217 4500
001 - CONTROL NUMBER
control field 81703
003 - CONTROL NUMBER IDENTIFIER
rucl marc code BD-RjUL
005 - DATE AND TIME OF LATEST TRANSACTION
control field 20230816153739.0
008 - FIXED-LENGTH DATA ELEMENTS--GENERAL INFORMATION
fixed length control field 230816s1959 p ||||| |||| 00| 1 urd d
035 ## - SYSTEM CONTROL NUMBER
System control number (BD-RjUL)81703
040 ## - CATALOGING SOURCE
Original cataloging agency BD-RjUL
Language of cataloging eng
Transcribing agency BD-RjUL
041 ## - LANGUAGE CODE
Language code of text/sound track or separate title urd
082 ## - DEWEY DECIMAL CLASSIFICATION NUMBER
Edition number 23
Classification number 891.4393
Author mark and year SAM 1959
100 ## - MAIN ENTRY--PERSONAL NAME
Personal name Sarhdi., Amanullah Khan Arman ;; سرحدی٫ امان اللہ خان ارمان
9 (RLIN) 8378
245 10 - TITLE STATEMENT
Title مشاہیر کے رومان ;; Mashahi ke Ruman /
Statement of responsibility, etc. امان اللہ خان ارمان سرحدی ;; Amanullah Khan Arman Sarhaddi
260 ## - PUBLICATION, DISTRIBUTION, ETC. (IMPRINT)
Place of publication, distribution, etc. Lahore :
Name of publisher, distributor, etc. Kitab Manjil,
Date of publication, distribution, etc. 1959
300 ## - PHYSICAL DESCRIPTION
Pagination 372 p. :
Illustrations ill. ;
Size 23 cm.
650 ## - SUBJECT ADDED ENTRY--TOPICAL TERM
Topical term or geographic name as entry element Urdu Fiction
9 (RLIN) 4172
Topical term or geographic name as entry element Urdu Literature
942 ## - ADDED ENTRY ELEMENTS (KOHA)
Source of classification or shelving scheme Dewey Decimal Classification
Koha item type Books
Holdings
Lost status Source of classification or shelving scheme Damaged status Not for loan Collection code Permanent Location Current Location Shelving location Date acquired Source of acquisition Cost, normal purchase price Full call number Date last seen Copy number Koha item type Total Checkouts
  Dewey Decimal Classification   Not For Loan Fiction Central Library, University of Rajshahi Central Library, University of Rajshahi Reading Room 02/12/1971 feros & sons 9.00 U 891.4393 SAM 1959 16/08/2023 C-1 Books  
  Dewey Decimal Classification   Not For Loan Non-fiction Central Library, University of Rajshahi Central Library, University of Rajshahi General Stacks 02/12/1971 feros & sons 9.00 U 891.4393 SAM 1959 16/08/2023 C-2 Books